000 00612nam a2200169 i 4500
001 113126
003 ES-MaACL
005 20230906185751.0
007 t|
008 061121s1911 sp r ||||1| spa d
100 1 _aNúñez Hernández, Emilio.
_986203
245 1 0 _aDel hematocele retro-uterino
_b: su tratamiento : tesis del doctorado /
_cleida en la Facultad de Medicina el dia 21 de Noviembre de 1911 por D. Emilio Núñez Hernández.
260 _aMadrid :
_b[s. n.],
_c1911 (
_fImp. Helénica)
300 _a30 p. ;
_c23 cm.
650 4 _aÚtero-
_xEnfermedades.
_9137009
852 _aES-MaACL
_jT-1315-F-4
999 _c113126
_d113126